000 00779nam a2200241Ii 4500
003 JO-AjNU
008 230605s9999||||xx |||||||||||||| ||und||
017 _a2004/14890
020 _a977-327-506-X
040 _aJO-AjNU
_bara
_erda
_cJO-AjNU
041 _aara
050 1 4 _aB945 .J24 Z39.2005
100 3 _aزيدان،محمود,
_eauthor
_98374
245 0 0 _aوليم جيمس
250 _aط1
264 3 1 _aالاسكندرية:دار الوفاء لدنيا الطباعة والنشر ،2005
300 _a225ص
336 _atext
_btxt
_2rdacontent
337 _aunmediated
_bn
_2rdamedia
338 _avolume
_bnc
_2rdacarrier
490 0 _aسلسلة نوابغ الفكر الغربي 10
650 4 _aبراجماتية-جيمس، وليم، 1842-1910م.
_98375
999 _aA755
_c4323
_d4323